Geography Quiz

Random Geography or City Quiz

World Cities: Sudan Quiz Stats

 Plays Quiz not verified by Sporcle

Score 0/10 Timer 01:00
0 Plays Today
% Correct
Port Sudan
84.8%
Khartoum
69.7%
Atbara
60.6%
Kassala
57.6%
Dongola
54.5%
Al Fashir
51.5%
Nyala
42.4%
El-Obeid
42.4%
Wad Madani
39.4%
El-Gadarif
36.4%

You're not logged in!

Compare scores with friends on all Sporcle quizzes.
OR
Log In

Show Comments

Extras

Top Quizzes Today


Score Distribution

Your Account Isn't Verified!

In order to create a playlist on Sporcle, you need to verify the email address you used during registration. Go to your Sporcle Settings to finish the process.

Report this User

Report this user for behavior that violates our Community Guidelines.

Details: